<?xml version="1.0" encoding="UTF-8"?>
<collection xmlns="http://www.loc.gov/MARC21/slim">
 <record>
  <leader>06423nam a2200385 a 4500</leader>
  <controlfield tag="001">kal1325</controlfield>
  <controlfield tag="003">Gr-AtHEAL</controlfield>
  <controlfield tag="005">20160425104450.0</controlfield>
  <controlfield tag="006">m        d        </controlfield>
  <controlfield tag="008">160413s2015    gr      s           gre|c</controlfield>
  <datafield tag="020" ind1=" " ind2=" ">
   <subfield code="a">9789606034367</subfield>
  </datafield>
  <datafield tag="040" ind1=" " ind2=" ">
   <subfield code="a">GR-AtHEAL</subfield>
   <subfield code="b">gre</subfield>
   <subfield code="c">GR-AtHEAL</subfield>
  </datafield>
  <datafield tag="082" ind1="0" ind2="4">
   <subfield code="a">631.3</subfield>
   <subfield code="2">23</subfield>
  </datafield>
  <datafield tag="100" ind1="1" ind2=" ">
   <subfield code="a">Γέμτος, Θεοφάνης.</subfield>
   <subfield code="8">1255</subfield>
  </datafield>
  <datafield tag="245" ind1="1" ind2="0">
   <subfield code="a">Μηχανήματα καλλιεργητικών φροντίδων</subfield>
   <subfield code="h">[Ηλεκτρονικός πόρος] </subfield>
   <subfield code="c">Γέμτος, Θεοφάνης ; Καβαλάρης, Χρήστος ; Κριτικός αναγνώστης,Φουντάς, Σπυρίδων ; Τεχνική επιμέλεια,Κοκολάκης, Αντώνιος ; Γλωσσική επιμέλεια,Μπίσμπα, Άννα.</subfield>
  </datafield>
  <datafield tag="260" ind1=" " ind2=" ">
   <subfield code="a">Αθήνα :</subfield>
   <subfield code="b">Σύνδεσμος Ελληνικών Ακαδημαϊκών Βιβλιοθηκών,</subfield>
   <subfield code="c">c2015.</subfield>
  </datafield>
  <datafield tag="490" ind1=" " ind2=" ">
   <subfield code="a">Ακαδημαϊκά Ηλεκτρονικά Συγγράμματα και Βοηθήματα Κάλλιπος</subfield>
   <subfield code="8">40</subfield>
  </datafield>
  <datafield tag="505" ind1="0" ind2=" ">
   <subfield code="a">Κεφάλαιο 1. Εισαγωγή1.1. Εισαγωγή 1.2. Προβλήματα χρήσης του γεωργικού εξοπλισμού 1.3. Η συμπίεση του εδάφους 1.4. Μηχανισμός της συμπίεσης 1.5. Στοιχεία των μηχανημάτων που κρίνουν τη συμπίεση του εδάφους1.6. Συστήματα πλοήγησης του ελκυστήρα στο χωράφι Κεφάλαιο 2. Προσθήκη θρεπτικών στοιχείων στο έδαφος 2.1. Η σημασία των λιπαντικών στοιχείων 2.2. Μορφές υλικών με τα οποία προστίθενται λιπαντικά στοιχεία στο έδαφος 2.3. Μηχανήματα εφαρμογής λιπαντικών στοιχείων 2.4. Γεωργία Ακριβείας (ΓΑ) και λίπανση Κεφάλαιο 3. Μηχανική καταπολέμηση ζιζανίων και εχθρών των φυτών 3.1. Στοιχεία καταπολέμησης των ζιζανίων 3.2. Μηχανικά σκαλιστήρια 3.3. Νέες τεχνολογίες στην καταπολέμηση των ζιζανίων Κεφάλαιο 4. Μηχανήματα αραιώματος των φυτών 4. Μηχανικό αραίωμα 4.1. Η σημασία του αραιώματος 4.2. Μηχανικοί αραιωτήρες 4.3. Μηχανικοί αραιωτήρες με ηλεκτρονική υποβοήθηση Κεφάλαιο 5. Ειδικά μηχανήματα για οπωροκηπευτικά και πάρκα 5.1. Εργαλεία για το κλάδεμα οπωροφόρων δένδρων, αμπέλου και καλλωπιστικών 5.2. Εργαλεία για την απομάκρυνση κλαδιών κλαδέματος 5.3. Μηχανήματα ελέγχου της βλάστησης σε οπωρώνες και αμπελώνες 5.4. Μηχανικό αραίωμα ανθέων και μικρών καρπών 5.5. Αφαίρεση φύλλων σε αμπελώνες 5.6. Πλατφόρμες υποστήριξης της εργασίας σε οπωρώνες και σε χαμηλού ύψους καλλιέργειες 126&lt;br/&gt;5.7. Ισοπεδωτές εδάφους Κεφάλαιο 6. Μηχανήματα φυτοπροστασίας 6.1. Γενικά για τη φυτοπροστασία 6.2. Μηχανήματα εφαρμογής φυτοπροστατευτικών σε μορφή σκόνης 6.3. Μηχανήματα εφαρμογής κοκκωδών φυτοπροστατευτικών 6.4. Μηχανήματα εφαρμογής υγρών φυτοπροστατευτικών Κεφάλαιο 7. Μηχανήματα για εφαρμογή αρδευτικού νερού 7.1. Σημασία της άρδευσης 7.2. Αντλητικό συγκρότημα –Αντλιοστάσιο 7.3. Αντλίες 7.4. Εξαρτήματα του αρδευτικού δικτύου 7.5. Άρδευση μεταβλητών δόσεων</subfield>
  </datafield>
  <datafield tag="520" ind1=" " ind2=" ">
   <subfield code="a">Το βιβλίο θα καλύψει ένα κενό που υπάρχει σήμερα στα βιβλία Γεωργικής Μηχανολογία δηλαδήτη μέρος των Μηχανημάτων καλλιεργητικών φροντίδων δηλαδή των μηχανημάτων εφαρμογής θρεπτικών στοιχείων στο έδαφος (λιπασματοδιανομείς, κπροδιανομείς), τα μηχανήματα ελέγχου των ζιζανίων μηχανικά (σκαλιστήρια), μηχανήματα για μηχανικό αραίωμα, τα μηχανήματα φυτοπροστασίας (ψεκαστικά, επιπαστήρες, μηχανήματα εφαρμογής κοκκωδών φρμάκων)</subfield>
  </datafield>
  <datafield tag="650" ind1=" " ind2="0">
   <subfield code="a">Agricultural machinery</subfield>
   <subfield code="8">2399</subfield>
  </datafield>
  <datafield tag="653" ind1=" " ind2=" ">
   <subfield code="a">Μηχανικό αραίωμα φυτών</subfield>
  </datafield>
  <datafield tag="653" ind1=" " ind2=" ">
   <subfield code="a">Μηχανήματα οπωρώνων</subfield>
  </datafield>
  <datafield tag="653" ind1=" " ind2=" ">
   <subfield code="a">Μηχανήματα φυτοπροστασίας</subfield>
  </datafield>
  <datafield tag="653" ind1=" " ind2=" ">
   <subfield code="a">Μηχανήματα προσθήκης θρεπτικών στοιχείων</subfield>
  </datafield>
  <datafield tag="653" ind1=" " ind2=" ">
   <subfield code="a">Μηχανήματα για εφαρμογή νερού</subfield>
  </datafield>
  <datafield tag="653" ind1=" " ind2=" ">
   <subfield code="a">Μηχανική καταπολέμηση ζιζανίων</subfield>
  </datafield>
  <datafield tag="653" ind1=" " ind2=" ">
   <subfield code="a">Γεωπονικές επιετήμες</subfield>
   <subfield code="a">Έρευνα, τεχνολογία και μηχανική (γεωπονικές επιστήμες)</subfield>
   <subfield code="a">Γεωργική μηχανολογία</subfield>
  </datafield>
  <datafield tag="653" ind1=" " ind2=" ">
   <subfield code="a">Γεωπονικές επιετήμες</subfield>
   <subfield code="a">Έρευνα, τεχνολογία και μηχανική (γεωπονικές επιστήμες)</subfield>
   <subfield code="a">Γεωργική μηχανική</subfield>
  </datafield>
  <datafield tag="700" ind1="1" ind2=" ">
   <subfield code="a">Καβαλάρης, Χρήστος</subfield>
   <subfield code="e">Συγγραφέας</subfield>
   <subfield code="8">1256</subfield>
  </datafield>
  <datafield tag="700" ind1="1" ind2=" ">
   <subfield code="a">Φουντάς, Σπυρίδων</subfield>
   <subfield code="e">Κριτικός αναγνώστης</subfield>
   <subfield code="8">1257</subfield>
  </datafield>
  <datafield tag="856" ind1="4" ind2="0">
   <subfield code="u">http://hdl.handle.net/11419/1325</subfield>
   <subfield code="z">Πλήρες Κείμενο - Full text</subfield>
  </datafield>
  <datafield tag="907" ind1=" " ind2=" ">
   <subfield code="a">.b2568078x</subfield>
   <subfield code="b">12-06-18</subfield>
   <subfield code="c">29-07-16</subfield>
  </datafield>
  <datafield tag="949" ind1=" " ind2=" ">
   <subfield code="0">0</subfield>
   <subfield code="1">0</subfield>
   <subfield code="2">ddc</subfield>
   <subfield code="4">0</subfield>
   <subfield code="6">631_300000000000000_ΓΕΜ</subfield>
   <subfield code="7">0</subfield>
   <subfield code="8">KALL</subfield>
   <subfield code="8">837</subfield>
   <subfield code="d">2016-04-13</subfield>
   <subfield code="r">2016-04-13</subfield>
   <subfield code="w">2016-04-13</subfield>
   <subfield code="z">631.3 ΓΕΜ</subfield>
   <subfield code="o">SEAB KALLIPOS</subfield>
  </datafield>
  <datafield tag="998" ind1=" " ind2=" ">
   <subfield code="a">80</subfield>
   <subfield code="a">01</subfield>
   <subfield code="a">02</subfield>
   <subfield code="a">03</subfield>
   <subfield code="a">04</subfield>
   <subfield code="a">05</subfield>
   <subfield code="a">06</subfield>
   <subfield code="a">07</subfield>
   <subfield code="a">08</subfield>
   <subfield code="a">09</subfield>
   <subfield code="a">10</subfield>
   <subfield code="a">11</subfield>
   <subfield code="a">12</subfield>
   <subfield code="a">13</subfield>
   <subfield code="a">14</subfield>
   <subfield code="a">15</subfield>
   <subfield code="a">16</subfield>
   <subfield code="a">17</subfield>
   <subfield code="a">18</subfield>
   <subfield code="a">19</subfield>
   <subfield code="a">20</subfield>
   <subfield code="a">21</subfield>
   <subfield code="a">22</subfield>
   <subfield code="a">23</subfield>
   <subfield code="a">24</subfield>
   <subfield code="a">25</subfield>
   <subfield code="a">26</subfield>
   <subfield code="b">22-05-17</subfield>
   <subfield code="c">m</subfield>
   <subfield code="d">z  </subfield>
   <subfield code="e">-</subfield>
   <subfield code="f">gre</subfield>
   <subfield code="g">gr </subfield>
   <subfield code="h">0</subfield>
  </datafield>
  <datafield tag="942" ind1=" " ind2=" ">
   <subfield code="2">ddc</subfield>
   <subfield code="c">KALLIPOS</subfield>
  </datafield>
 </record>
</collection>
